<?xml version="1.0" encoding="UTF-8"?>
<collection xmlns="http://www.loc.gov/MARC21/slim">
<record>
  <controlfield tag="001">157688</controlfield>
  <controlfield tag="005">20250520133936.0</controlfield>
  <datafield tag="037" ind1=" " ind2=" ">
    <subfield code="a">GDOC-2024-27459</subfield>
  </datafield>
  <datafield tag="970" ind1=" " ind2=" ">
    <subfield code="a">GDOC-2024-27459</subfield>
  </datafield>
  <datafield tag="041" ind1=" " ind2=" ">
    <subfield code="a">spa</subfield>
  </datafield>
  <datafield tag="041" ind1=" " ind2=" ">
    <subfield code="a">eng</subfield>
  </datafield>
  <datafield tag="540" ind1=" " ind2=" ">
    <subfield code="a">by-nc-sa</subfield>
    <subfield code="b">Creative Commons</subfield>
    <subfield code="c">3.0</subfield>
    <subfield code="u">http://creativecommons.org/licenses/by-nc-sa/3.0/</subfield>
  </datafield>
  <datafield tag="260" ind1=" " ind2=" ">
    <subfield code="a">Zaragoza</subfield>
    <subfield code="b">Universidad de Zaragoza</subfield>
    <subfield code="c">2024-2025</subfield>
  </datafield>
  <datafield tag="245" ind1="0" ind2="0">
    <subfield code="9">27459</subfield>
    <subfield code="a">Prácticas en empresa</subfield>
  </datafield>
  <datafield tag="242" ind1="0" ind2="0">
    <subfield code="9">27459</subfield>
    <subfield code="a">Internships</subfield>
  </datafield>
  <datafield tag="100" ind1=" " ind2=" ">
    <subfield code="0">(orcid)0000-0003-3766-9157</subfield>
    <subfield code="a">Isabel Almudí, Higueras</subfield>
    <subfield code="1">417908</subfield>
  </datafield>
  <datafield tag="700" ind1=" " ind2=" ">
    <subfield code="0">(orcid)0000-0002-0117-7655</subfield>
    <subfield code="a">Alfredo Altuzarra, Casas</subfield>
    <subfield code="1">111140</subfield>
  </datafield>
  <datafield tag="700" ind1=" " ind2=" ">
    <subfield code="0">(orcid)0000-0002-0679-6340</subfield>
    <subfield code="a">Joaquín Andaluz, Funcia</subfield>
    <subfield code="1">132989</subfield>
  </datafield>
  <datafield tag="700" ind1=" " ind2=" ">
    <subfield code="0">(orcid)0000-0003-0927-3251</subfield>
    <subfield code="a">Nelda Isabel Andrés, Sanz</subfield>
    <subfield code="1">123319</subfield>
  </datafield>
  <datafield tag="700" ind1=" " ind2=" ">
    <subfield code="0">(orcid)0000-0002-2688-134X</subfield>
    <subfield code="a">Sara María Barcenilla, Visus</subfield>
    <subfield code="1">361551</subfield>
  </datafield>
  <datafield tag="700" ind1=" " ind2=" ">
    <subfield code="0">(orcid)0000-0002-7534-6036</subfield>
    <subfield code="a">Monia Ben-Kaabia, Ben-Kaabia</subfield>
    <subfield code="1">383055</subfield>
  </datafield>
  <datafield tag="700" ind1=" " ind2=" ">
    <subfield code="0">(orcid)0000-0001-9525-9530</subfield>
    <subfield code="a">Beatrice Carole Boumda, Ijang</subfield>
    <subfield code="1">711637</subfield>
  </datafield>
  <datafield tag="700" ind1=" " ind2=" ">
    <subfield code="0">(orcid)0000-0002-7793-7892</subfield>
    <subfield code="a">María Elena Calvo, Calzada</subfield>
    <subfield code="1">149658</subfield>
  </datafield>
  <datafield tag="700" ind1=" " ind2=" ">
    <subfield code="0">(orcid)0000-0002-2857-7405</subfield>
    <subfield code="a">Juan Camón, Cala</subfield>
    <subfield code="1">435996</subfield>
  </datafield>
  <datafield tag="700" ind1=" " ind2=" ">
    <subfield code="0">(orcid)0000-0001-6907-8090</subfield>
    <subfield code="a">Jesús Serafín Clemente, López</subfield>
    <subfield code="1">131363</subfield>
  </datafield>
  <datafield tag="700" ind1=" " ind2=" ">
    <subfield code="0">(orcid)0000-0002-1246-6751</subfield>
    <subfield code="a">Francisco Fatás, Villafranca</subfield>
    <subfield code="1">323861</subfield>
  </datafield>
  <datafield tag="700" ind1=" " ind2=" ">
    <subfield code="0">(orcid)0000-0002-9002-6727</subfield>
    <subfield code="a">Lucio Fuentelsaz, Lamata</subfield>
    <subfield code="1">139682</subfield>
  </datafield>
  <datafield tag="700" ind1=" " ind2=" ">
    <subfield code="0">(orcid)0000-0003-1292-6778</subfield>
    <subfield code="a">José María Hernández, García</subfield>
    <subfield code="1">122093</subfield>
  </datafield>
  <datafield tag="700" ind1=" " ind2=" ">
    <subfield code="0">(orcid)0000-0003-0334-192X</subfield>
    <subfield code="a">José Ignacio Jarne, Jarne</subfield>
    <subfield code="1">129664</subfield>
  </datafield>
  <datafield tag="700" ind1=" " ind2=" ">
    <subfield code="0">(orcid)0000-0001-6747-0945</subfield>
    <subfield code="a">Luis Fernando Lanaspa, Santolaria</subfield>
    <subfield code="1">311078</subfield>
  </datafield>
  <datafield tag="700" ind1=" " ind2=" ">
    <subfield code="0">(orcid)0000-0002-8483-2298</subfield>
    <subfield code="a">Alfonso López, Viñegla</subfield>
    <subfield code="1">123877</subfield>
  </datafield>
  <datafield tag="700" ind1=" " ind2=" ">
    <subfield code="0">(orcid)0000-0003-2717-8389</subfield>
    <subfield code="a">Miguel Ángel Marco, Fondevila</subfield>
    <subfield code="1">323512</subfield>
  </datafield>
  <datafield tag="700" ind1=" " ind2=" ">
    <subfield code="0">(orcid)0000-0003-4315-0642</subfield>
    <subfield code="a">Emilio Martín, Vallespín</subfield>
    <subfield code="1">417708</subfield>
  </datafield>
  <datafield tag="700" ind1=" " ind2=" ">
    <subfield code="0">(orcid)0000-0003-2544-0697</subfield>
    <subfield code="a">Marta Melguizo, Garde</subfield>
    <subfield code="1">136567</subfield>
  </datafield>
  <datafield tag="700" ind1=" " ind2=" ">
    <subfield code="0">(orcid)0000-0003-2893-4051</subfield>
    <subfield code="a">Victor Manuel Montuenga, Gómez</subfield>
    <subfield code="1">325927</subfield>
  </datafield>
  <datafield tag="700" ind1=" " ind2=" ">
    <subfield code="0">(orcid)0000-0001-5285-2510</subfield>
    <subfield code="a">Ignacio Moralejo, Menéndez</subfield>
    <subfield code="1">507067</subfield>
  </datafield>
  <datafield tag="700" ind1=" " ind2=" ">
    <subfield code="0">(orcid)0000-0001-9957-6613</subfield>
    <subfield code="a">Marina Morales, Catalán</subfield>
    <subfield code="1">592384</subfield>
  </datafield>
  <datafield tag="700" ind1=" " ind2=" ">
    <subfield code="0">(orcid)0000-0002-9481-1466</subfield>
    <subfield code="a">Fernando Muñoz, Sánchez</subfield>
    <subfield code="1">510286</subfield>
  </datafield>
  <datafield tag="700" ind1=" " ind2=" ">
    <subfield code="0">(orcid)0000-0003-3275-5814</subfield>
    <subfield code="a">Cristina Ortiz, Lázaro</subfield>
    <subfield code="1">476569</subfield>
  </datafield>
  <datafield tag="700" ind1=" " ind2=" ">
    <subfield code="0">(orcid)0000-0002-7105-4618</subfield>
    <subfield code="a">María Pilar Portillo, Tarragona</subfield>
    <subfield code="1">141745</subfield>
  </datafield>
  <datafield tag="700" ind1=" " ind2=" ">
    <subfield code="0">(orcid)0000-0001-5790-2011</subfield>
    <subfield code="a">Lara Ripoll, Campo</subfield>
    <subfield code="1">525555</subfield>
  </datafield>
  <datafield tag="700" ind1=" " ind2=" ">
    <subfield code="0">(orcid)0000-0003-1534-2970</subfield>
    <subfield code="a">Fernando Rodrigo, Sauco</subfield>
    <subfield code="1">316018</subfield>
  </datafield>
  <datafield tag="700" ind1=" " ind2=" ">
    <subfield code="0">(orcid)0000-0003-3530-3661</subfield>
    <subfield code="a">María Carmen Trueba, Cortés</subfield>
    <subfield code="1">144774</subfield>
  </datafield>
  <datafield tag="700" ind1=" " ind2=" ">
    <subfield code="0">(orcid)0000-0002-3201-4007</subfield>
    <subfield code="a">Inmaculada Villanúa, Martín</subfield>
    <subfield code="1">129635</subfield>
  </datafield>
  <datafield tag="830" ind1=" " ind2=" ">
    <subfield code="9">417</subfield>
  </datafield>
  <datafield tag="856" ind1="4" ind2=" ">
    <subfield code="s">7062</subfield>
    <subfield code="u">http://zaguan.unizar.es/record/157688/files/guia-27459-en.pdf</subfield>
    <subfield code="y">Guide (english)</subfield>
  </datafield>
  <datafield tag="856" ind1="4" ind2=" ">
    <subfield code="s">7238</subfield>
    <subfield code="u">http://zaguan.unizar.es/record/157688/files/guia-27459-es.pdf</subfield>
    <subfield code="y">Guía (idioma español)</subfield>
  </datafield>
  <datafield tag="521" ind1=" " ind2=" ">
    <subfield code="9">133</subfield>
    <subfield code="a">Grado en Economía</subfield>
    <subfield code="b">Degree in Economics</subfield>
  </datafield>
  <datafield tag="980" ind1=" " ind2=" ">
    <subfield code="a">GDOC</subfield>
    <subfield code="b">Ciencias Sociales y Jurídicas</subfield>
    <subfield code="b">Social Sciences and Law</subfield>
    <subfield code="c">109</subfield>
  </datafield>
</record>
</collection>